000 00920nam a2200313Ia 4500
003 OSt
005 20220912144449.0
006 a|||||r|||| 00| 0
007 ta
008 220909b |||||||| |||| 00| 0 eng d
020 _a9781412979597 (pbk)
020 _aSL01559631
024 _a188022
037 _b1939, 12/02/2013, Ashutosh Technical Books
037 _cTextual
040 _aCSL
_beng
_cCSL
041 _aeng
082 _aB28:f, P8;Q1
100 _aSalkind Neil J
245 0 _aStatistics for people who (think they) hate statistics
250 _a4
260 _aLos
_bAngeles Sage
_c2011
300 _axxiii,442p.
500 _aAppendices A-E 325-430p.; Glossary 431-436p.; Index 437-442p.
650 _aStatistics
700 _aSalkind Neil J
942 _hB28:f, P8;Q1
_cTEXL
_2CC
999 _c9148
_d9148